Statystyki dla Największe miasta w Polsce bez kolei

Kliknij tutaj aby rozwiązać quiz!

Ogólne statystyki

  • Ten quiz został rozwiązany 82 razy
  • Średni wynik to 8 z 20

Statystyki odpowiedzi

L.pLudnośćWojewództwoMiasto% Poprawnych
3.62 573podlaskieŁomża
82%
1.80 426śląskieJastrzębie-Zdrój
75%
4.56 973łódzkieBełchatów
59%
9.27 617wielkopolskieŚrem
52%
5.54 860śląskiePiekary Śląskie
49%
10.25 922wielkopolskieTurek
48%
2.66 270śląskieSiemianowice Śląskie
47%
12.23 810warmińsko-mazurskieBartoszyce
42%
7.32 034zachodnio-pomorskiePolice
42%
18.20 296wielkopolskieGostyń
38%
17.21 302warmińsko-mazurskieMrągowo
38%
15.22 173podlaskieZambrów
38%
11.25 634kujawsko-pomorskieŚwiecie
37%
6.35 461mazowieckieMarki
33%
20.19 510kujawsko-pomorskieChełmno
30%
19.19 448mazowieckiePułtusk
27%
16.21 739łódzkieAleksandrów Łódzki
25%
8.31 677wielkopolskieCzeladź
23%
14.22 399mazowieckieOstrów Mazowiecka
23%
13.22 486dolnośląskiePolkowice
22%

Rozkład punktacji

Percentyl według liczby udzielonych odpowiedzi

Procent ludzi z każdym wynikiem

Twoja historia wyników

Nie rozwiązałeś tego quizu